000
00291nam a22001217a 4500
008
180802b xxu||||| |||| 00| 0 eng d
082
_a
813.52
245
_a
The old testament: An Introduction
_c
Oden,R
260
_c
1992
300
_a
4
_f
Cassette
440
_x
18008322412
942
_2
ddc
_c
MX
999
_c
46727
_d
46727